000 00673cam a22002411 4500
001 sa 68013601
003 DLC
005 20260227112623.0
008 720926s1968 xx 000 0 eng
010 _asa 68013601
020 _a0804809240
035 _a(OCoLC)414204
040 _aDLC
_cOAU
_dDLC
042 _apremarc
050 0 0 _aPK2903
_b.K65
082 _a891.4
100 1 _aKripalani, Krishna,
_d1907-1993.
245 1 0 _aModern Indian literature;
_ba panoramic glimpse.
260 _a[Bombay]
_bNirmala Sadanand Publishers
_c[1968]
300 _a131 p.
_c23 cm.
504 _aBibliography: p. 122-125.
650 0 _aIndic literature
_xHistory and criticism.
999 _c85204
_d85204